000 005630000a22001810004500
003 MACL
005 20160218115546.0
008 160218b xxu||||| |||| 00| 0 eng d
040 _aMACL
_cMACL
041 _aHindi
082 _a400
100 _aवर्मा डॉ. नरेंद्र देव
_938805
245 _aछत्‍तीसगढी भाषा का उद़विकास
260 _bरचना प्रकाशन
_c1979
_aइलाहाबाद
350 _a50
650 _aLanguage
_938806
942 _cHIN
_k400
_2ddc
999 _c28698
_d28698